| 000 | 01057nam a22003257i 4500 | ||
|---|---|---|---|
| 003 | DO-SdBNP | ||
| 005 | 20240530073925.0 | ||
| 007 | ta | ||
| 008 | 211001b2001 dr ||||| |||| 00| f spa d | ||
| 020 | _a9789945410297 | ||
| 040 |
_aDO-SdBNP _bspa _cBNPHU _erda |
||
| 082 | 4 |
_aRD863.44 _bH557m _222 |
|
| 100 | 1 |
_aHernández, Ángela, _d1954- _eautora _92564 |
|
| 245 | 1 | 0 |
_aMudanza de los sentidos / _cÁngela Hernández. |
| 264 |
_aSanto Domingo : _bLetragráfica, Cole, _c2001. |
||
| 300 |
_a119 páginas ; _c22 cm. |
||
| 336 |
_2rdacontent _atexto _btxt |
||
| 337 |
_2rdamedia _asin mediación _bn |
||
| 338 |
_2rdacarrier _avolumen _bnc |
||
| 490 | 0 |
_aLectura brebe _v2 |
|
| 490 | 0 | _aLiteratura dominicana | |
| 500 | _aIncluye datos biográficos de la autora : p. 119 | ||
| 586 | _aPremio Cole 2001 | ||
| 590 | _aInventariado, 2021/LP | ||
| 650 | 0 |
_aNovela dominicana _9223 |
|
| 650 | 4 |
_aLiteratura dominicana _99306 |
|
| 830 | 0 |
_aLectura brebe _n2 _pLiteratura dominicana _980079 |
|
| 910 | _aValidado. Control de calidad MFF | ||
| 942 |
_2ddc _cLBS1 |
||
| 999 |
_c50682 _d50682 |
||